Akciový trh Mongolska diplomová práca

Na minha lista:
Detalhes bibliográficos
Autor principal: Haňov, Tomáš
Autor Corporativo: Národohospodárska fakulta EU. Katedra bankovníctva a medzinárodných financií
Outros Autores: Árendáš, Peter, 1986-
Formato: Livro
Idioma:eslovaco
Publicado em: Bratislava 2017
Tags: Adicionar Tag
Sem tags, seja o primeiro a adicionar uma tag!

MARC

LEADER 00000nbm a2200000 4500
001 0231895
005 20180112115847.8
041 0 |a slo 
044 |a SK 
245 1 0 |a Akciový trh Mongolska  |b diplomová práca  |c Tomáš Haňov ; školiteľ: Peter Árendáš 
264 1 |a Bratislava  |c 2017 
300 |a 53 s. 
100 1 |a Haňov, Tomáš 
700 1 |a Árendáš, Peter, 1986- 
710 2 |a Národohospodárska fakulta EU. Katedra bankovníctva a medzinárodných financií